| 000 | 00383nam a2200157Ia 4500 | ||
|---|---|---|---|
| 003 | GCL | ||
| 008 | 140319s9999 xx 000 0 eng d | ||
| 040 |
_aGCL / _cGCL |
||
| 082 | 0 | 4 |
_a843 _bE S |
| 100 | 1 | _aERNEST, RENAN | |
| 245 | 1 | 0 |
_aSOURENIRS D'ENFANCE ET DE JEUNESSE / _cERNEST, RENAN |
| 300 | _a332 P | ||
| 650 | 0 | 4 | _aLITERATURE |
| 650 | 0 | 4 | _aFRENCH LITERATURE |
| 942 |
_2ddc _cBK |
||
| 999 |
_c23031 _d23031 |
||